[Event "ICS rated blitz match"]
[Site "204.178.125.65"]
[Date "2000.04.19"]
[Round "?"]
[White "dingo13"]
[Black "Hossa"]
[Result "1/2-1/2"]
[WhiteElo "1958"]
[BlackElo "2332"]
[PlyCount "72"]
[EventDate "2000.??.??"]

1. e4 e5 2. Nf3 Nc6 3. Bc4 Bc5 4. O-O d6 5. c3 Qf6 6. d4 exd4 7. b4 dxc3 8.
bxc5 c2 9. Qxc2 dxc5 10. Bb2 Qg6 11. Nc3 Nb4 12. Qe2 Bg4 13. Nd5 O-O-O 14. Rfd1
Nxd5 15. Bxd5 Nf6 16. Bxf6 Qxf6 17. Rab1 c6 18. e5 Qf5 19. Rxb7 Rxd5 20. Rxd5
Kxb7 21. Rd1 Ka8 22. h3 Bxf3 23. gxf3 Re8 24. Qa6 Rc8 25. Rd3 Qxh3 26. f4 Qe6
27. Rd6 Qf5 28. e6 Qg4+ 29. Kf1 Qh3+ 30. Kg1 Kb8 31. Rd7 Qg4+ 32. Kf1 Qh3+ 33.
Kg1 Qg4+ 34. Kf1 Qh3+ 35. Kg1 Qg4+ 36. Kf1 Qh3+ 1/2-1/2

[Event "ICS rated blitz match"]
[Site "204.178.125.65"]
[Date "2000.04.19"]
[Round "?"]
[White "Hossa"]
[Black "Baxpace"]
[Result "0-1"]
[WhiteElo "2319"]
[BlackElo "2357"]
[PlyCount "126"]
[EventDate "2000.??.??"]

1. e4 e5 2. Nf3 Nc6 3. Nc3 Bb4 4. a3 Bxc3 5. bxc3 Nf6 6. d3 d5 7. exd5 Nxd5 8.
c4 Nb6 9. Be2 O-O 10. O-O Bf5 11. Bg5 f6 12. Be3 Qe7 13. Re1 Rad8 14. Qb1 e4
15. Nd2 exd3 16. Bxd3 Bxd3 17. Bxb6 Qd6 18. c5 Qd7 19. Bxc7 Qxc7 20. cxd3 Ne5
21. Re3 Qxc5 22. Qb3+ Rf7 23. Rd1 a5 24. Ne4 Qd4 25. a4 Rc8 26. g3 Rc6 27. Rb1
b6 28. Rd1 h6 29. Qb5 Rfc7 30. Kh1 Rc1 31. Ree1 Rxd1 32. Rxd1 Rd7 33. Qb3+ Kh7
34. Qe6 Qxa4 35. Rc1 Qd4 36. Qf5+ Ng6 37. Rc3 Rd5 38. Qe6 Qe5 39. Qc6 f5 40. f4
Qd4 41. Nd2 Qf2 42. Rc2 Rc5 43. Rxc5 Qe1+ 44. Kg2 Qxd2+ 45. Kg1 Qe3+ 46. Kg2
Qxc5 47. Qd7 Qc2+ 48. Kf3 a4 49. h4 a3 50. h5 Qd1+ 51. Kf2 Qxh5 52. Ke3 Qh2 53.
Kd4 a2 54. Qa7 Qg1+ 55. Kc3 a1=Q+ 56. Qxa1 Qxa1+ 57. Kc4 Qc1+ 58. Kb3 Ne7 59.
Kb4 Nd5+ 60. Kb5 Qc5+ 61. Ka6 b5 62. Kb7 Qb6+ 63. Kc8 Qc7# {Hossa checkmated}
0-1

[Event "ICS rated blitz match"]
[Site "204.178.125.65"]
[Date "2000.04.19"]
[Round "?"]
[White "Tinker"]
[Black "Hossa"]
[Result "0-1"]
[WhiteElo "2391"]
[BlackElo "2305"]
[PlyCount "66"]
[EventDate "2000.??.??"]

1. e4 e5 2. Nf3 Nc6 3. Bc4 Nf6 4. Ng5 d5 5. exd5 Nd4 6. d6 Be6 7. Nxe6 Nxe6 8.
dxc7 Nxc7 9. Qf3 Qd4 10. Qb3 O-O-O 11. O-O Nfd5 12. Nc3 f5 13. Nxd5 Nxd5 14.
Bxd5 Rxd5 15. Qh3 e4 16. Re1 Bd6 17. c3 Qa4 18. b3 Qd7 19. Qh4 Qf7 20. Re3 Bc5
21. Rh3 h5 22. c4 Rd6 23. Rb1 g6 24. Qf4 Rhd8 25. Qg5 Bb4 26. Rb2 Ba3 27. c5
Rd5 28. Rc2 Bxc1 29. Rxc1 f4 30. Qh4 Rxd2 31. Re1 Rd1 32. f3 e3 33. Kf1 Qe8 {
Tinker resigns} 0-1

[Event "ICS rated blitz match"]
[Site "204.178.125.65"]
[Date "2000.04.19"]
[Round "?"]
[White "Hossa"]
[Black "Tinker"]
[Result "1-0"]
[WhiteElo "2325"]
[BlackElo "2371"]
[PlyCount "67"]
[EventDate "2000.??.??"]

1. e4 e5 2. Nf3 Nc6 3. Nc3 d6 4. Bb5 Bg4 5. d3 Nf6 6. h3 Bxf3 7. gxf3 Nh5 8.
Ne2 Qf6 9. Ng3 Nf4 10. Rh2 Be7 11. c3 O-O 12. Bxf4 exf4 13. Nf5 Ne5 14. d4 Ng6
15. Kd2 d5 16. Kc2 Qe6 17. Bd3 c6 18. Rg2 Rfd8 19. Rg4 Qf6 20. h4 dxe4 21. fxe4
Bf8 22. h5 Ne7 23. Nxe7+ Bxe7 24. Qf3 Qe6 25. Qxf4 c5 26. d5 Qf6 27. Qe3 Bd6
28. Rag1 h6 29. Rxg7+ Qxg7 30. Rxg7+ Kxg7 31. e5 Bc7 32. d6 Bb6 33. Qf4 c4 34.
Bxc4 {Tinker resigns} 1-0

[Event "ICS rated blitz match"]
[Site "204.178.125.65"]
[Date "2000.04.19"]
[Round "?"]
[White "Beadle"]
[Black "Hossa"]
[Result "1-0"]
[WhiteElo "2525"]
[BlackElo "2343"]
[PlyCount "121"]
[EventDate "2000.??.??"]

1. e4 e5 2. Nf3 Nc6 3. Bb5 a6 4. Bxc6 dxc6 5. O-O f6 6. d4 Bg4 7. dxe5 Qxd1 8.
Rxd1 fxe5 9. Rd3 Bd6 10. Nbd2 Nf6 11. Nc4 O-O 12. Nfxe5 Be2 13. Re3 Bxc4 14.
Nxc4 Bc5 15. Re2 Rae8 16. Nd2 Re6 17. Kf1 b6 18. f3 Ng4 19. Ke1 Nxh2 20. Nb3
Bd6 21. Be3 Bg3+ 22. Bf2 Be5 23. c3 Rg6 24. Bd4 Bf4 25. Nd2 Rd8 26. Kf2 c5 27.
Be3 Bg3+ 28. Kg1 Re6 29. a4 Rd3 30. a5 Red6 31. Rd1 c4 32. axb6 cxb6 33. Bd4 b5
34. e5 Rg6 35. e6 Kf8 36. Ra1 a5 37. Rxa5 Rxe6 38. Ra8+ Ke7 39. Ra7+ Kd6 40.
Ra6+ Kd5 41. Raxe6 Rxd2 42. Rxd2 Kxe6 43. Bxg7 h5 44. Re2+ Kf5 45. Re7 h4 46.
Rb7 Ke6 47. Rxb5 Kf7 48. Be5 Kg6 49. Bxg3 hxg3 50. Rc5 Kf6 51. Rxc4 Ke6 52. Rd4
Kf6 53. b4 Kf7 54. b5 Ke7 55. b6 Kf8 56. b7 Kg7 57. b8=Q Ng4 58. fxg4 Kf6 59.
Qe8 Kg7 60. g5 Kh7 61. Rd7# {Hossa checkmated} 1-0

[Event "ICS rated blitz match"]
[Site "204.178.125.65"]
[Date "2000.04.19"]
[Round "?"]
[White "Hossa"]
[Black "PostModernist"]
[Result "1/2-1/2"]
[WhiteElo "2335"]
[BlackElo "2566"]
[PlyCount "152"]
[EventDate "2000.??.??"]

1. e4 c5 2. Nf3 d6 3. d4 Nf6 4. Nc3 cxd4 5. Nxd4 e6 6. g4 e5 7. Bb5+ Bd7 8.
Bxd7+ Qxd7 9. Nf5 h5 10. gxh5 Nxe4 11. Nxg7+ Bxg7 12. Nxe4 d5 13. h6 dxe4 14.
hxg7 Qxd1+ 15. Kxd1 Rg8 16. Rg1 Nc6 17. Be3 Ne7 18. Ke2 f6 19. Rg4 Nf5 20. Rag1
Kf7 21. Rxe4 Rxg7 22. Rxg7+ Kxg7 23. Rc4 b6 24. Ra4 Nxe3 25. fxe3 f5 26. h4 Kh6
27. Kf3 Kh5 28. Kf2 Rc8 29. c3 Rc7 30. Rb4 Rd7 31. Kf3 Rd2 32. Rb5 Kxh4 33.
Rxe5 Rxb2 34. a4 Ra2 35. Rxf5 Rxa4 36. Rd5 Ra3 37. Rd3 a5 38. Rd6 Rxc3 39. Kf4
Kh5 40. Rxb6 a4 41. e4 Rc1 42. Ra6 Rf1+ 43. Ke5 Ra1 44. Kf6 a3 45. e5 a2 46.
Ke6 Kg4 47. Ra3 Kf4 48. Kf6 Ke4 49. Ke6 Kd4 50. Kd6 Kc4 51. Ke6 Kb4 52. Rxa2
Rxa2 53. Kd6 Ra6+ 54. Kd5 Ra5+ 55. Kd6 Ra6+ 56. Kd5 Ra1 57. e6 Re1 58. Kd6 Rd1+
59. Kc7 Re1 60. Kd6 Ka5 61. e7 Re3 62. Kd7 Rd3+ 63. Ke8 Rc3 64. Kf7 Re3 65. Kf8
Kb6 66. Kf7 Kb7 67. Kf8 Re4 68. Kf7 Re5 69. Kf8 Kb8 70. Kf7 Re3 71. Kf8 Re4 72.
Kf7 Rf4+ 73. Ke6 Re4+ 74. Kf7 Rf4+ 75. Ke6 Re4+ 76. Kf7 Rf4+ 1/2-1/2

[Event "ICS rated blitz match"]
[Site "204.178.125.65"]
[Date "2000.04.19"]
[Round "?"]
[White "Hossa"]
[Black "Beadle"]
[Result "0-1"]
[WhiteElo "2344"]
[BlackElo "2541"]
[PlyCount "130"]
[EventDate "2000.??.??"]

1. e4 c5 2. Nf3 e6 3. d4 cxd4 4. Nxd4 Nc6 5. Nc3 Nf6 6. Bg5 Bb4 7. Nxc6 Bxc3+
8. bxc3 bxc6 9. Qd4 h6 10. Bxf6 Qxf6 11. e5 Qg6 12. Qd3 Qg5 13. Qe4 Rb8 14. h4
Qd8 15. Bd3 Qa5 16. O-O Qxc3 17. Rab1 Rb2 18. a4 Rf8 19. Rfd1 f5 20. Qe3 a6 21.
Rxb2 Qxb2 22. Qd2 Qxe5 23. Bxa6 Qc7 24. Bxc8 Qxc8 25. Qd4 Rf7 26. Rd3 Qb7 27.
Rb3 Qc7 28. Qb2 Qf4 29. Rb8+ Ke7 30. Rb4 Qd2 31. Qb1 f4 32. Rb3 Qd4 33. Rb4 Qc5
34. Qb2 f3 35. g3 g5 36. h5 e5 37. Qb3 Qd6 38. Qb1 Qd5 39. Qe1 d6 40. Qb1 Ke6
41. c4 Qc5 42. Qg6+ Rf6 43. Qe8+ Kf5 44. Qd7+ Ke4 45. Rb1 Kd3 46. Qg7 Rf5 47.
Qxh6 Ke2 48. Rb2+ Kd3 49. Qe6 e4 50. Rb3+ Kc2 51. Re3 Re5 52. Qg6 Qxc4 53. Qxd6
Rd5 54. Rxe4 Qxe4 55. Qxc6+ Kd2 56. Qb6 Qe1+ 57. Kh2 g4 58. Qb2+ Kd3 59. Qb3+
Ke2 60. Qe3+ Kf1 61. Qxe1+ Kxe1 62. Kg1 Rxh5 63. a5 Rxa5 64. Kh1 Kxf2 65. Kh2
Rh5# {Hossa checkmated} 0-1

[Event "ICS rated blitz match"]
[Site "204.178.125.65"]
[Date "2000.04.20"]
[Round "?"]
[White "BigDocOtto"]
[Black "Hossa"]
[Result "1/2-1/2"]
[WhiteElo "2505"]
[BlackElo "2336"]
[PlyCount "134"]
[EventDate "2000.??.??"]

1. e4 d5 2. exd5 Qxd5 3. Nc3 Qe5+ 4. Be2 Qg5 5. Nf3 Qxg2 6. Rg1 Qh3 7. d4 Nf6
8. Bf4 Qd7 9. d5 c6 10. dxc6 Qxd1+ 11. Rxd1 bxc6 12. Ne5 e6 13. Rd8+ Kxd8 14.
Nxf7+ Ke7 15. Nxh8 g6 16. Bf3 Bg7 17. Nxg6+ hxg6 18. Rxg6 Ne8 19. Bg5+ Kf7 20.
Bh5 Nd6 21. Rf6+ Kg8 22. Rf3 Nd7 23. Rd3 Bxc3+ 24. Rxc3 Ne4 25. Rc4 Nxg5 26.
Rg4 Rb8 27. Rxg5+ Kf8 28. b3 Nf6 29. Bf3 Bb7 30. h4 Rd8 31. h5 Nd5 32. h6 Nf4
33. h7 Kf7 34. Be4 a6 35. c4 Ba8 36. a4 Rf8 37. Kd2 Rb8 38. Ke3 e5 39. Rxe5 Ne6
40. b4 Rh8 41. f4 Rd8 42. Rh5 Rh8 43. b5 axb5 44. axb5 cxb5 45. Bxa8 bxc4 46.
Bd5 Kg6 47. Rh1 Ng7 48. Be4+ Nf5+ 49. Bxf5+ Kxf5 50. Rh6 c3 51. Kd3 c2 52. Kxc2
Kxf4 53. Rh5 Rc8+ 54. Kd3 Rd8+ 55. Kc4 Rh8 56. Kd5 Kg4 57. Rh1 Kf5 58. Rh6 Rd8+
59. Kc4 Rc8+ 60. Kd3 Rd8+ 61. Ke2 Re8+ 62. Kd2 Rh8 63. Ke3 Kg5 64. Ra6 Rxh7 65.
Ke4 Rh5 66. Ra5+ Kh4 67. Rxh5+ Kxh5 1/2-1/2

[Event "ICS rated standard match"]
[Site "204.178.125.65"]
[Date "2000.04.20"]
[Round "?"]
[White "Hossa"]
[Black "san1969"]
[Result "0-1"]
[WhiteElo "2361"]
[BlackElo "2229"]
[PlyCount "80"]
[EventDate "2000.??.??"]

1. e4 c5 2. Nf3 d6 3. d4 cxd4 4. Nxd4 Nf6 5. Nc3 a6 6. Bg5 e6 7. f4 Be7 8. Qf3
Qc7 9. O-O-O Nbd7 10. g4 b5 11. Bxf6 Nxf6 12. g5 Nd7 13. f5 Nc5 14. f6 gxf6 15.
gxf6 Bf8 16. Rg1 h5 17. a3 Bd7 18. Bh3 Na4 19. Nxa4 bxa4 20. Qd3 Rb8 21. Rg2
Rh6 22. Qf3 Qb6 23. c3 Rg6 24. Rdg1 Bh6+ 25. Kb1 e5 26. Bxd7+ Kxd7 27. Nf5
Qxg1+ 28. Rxg1 Rxg1+ 29. Ka2 Bc1 30. Qxh5 Rxb2+ 31. Ka1 Rb6 32. Qxf7+ Kd8 33.
Qe7+ Kc8 34. Ka2 Rg2+ 35. Ka1 Bb2+ 36. Kb1 Bxc3+ 37. Kc1 Bd2+ 38. Kc2 Rc6+ 39.
Kb1 Rc1+ 40. Kb2 Be3# {Hossa checkmated} 0-1

[Event "ICS Rated blitz match"]
[Site "204.178.125.65"]
[Date "2000.04.20"]
[Round "?"]
[White "counterplay"]
[Black "Hossa"]
[Result "1-0"]
[WhiteElo "2619"]
[BlackElo "2343"]
[PlyCount "101"]
[EventDate "2000.??.??"]

1. d4 d5 2. Nf3 Nf6 3. c4 e6 4. Nc3 c6 5. e3 Nbd7 6. Bd3 dxc4 7. Bxc4 b5 8. Bd3
a6 9. e4 c5 10. e5 cxd4 11. Nxb5 axb5 12. exf6 Bb7 13. fxg7 Bxg7 14. O-O b4 15.
Bd2 b3 16. a3 Rb8 17. Ng5 h5 18. Nh7 Bd5 19. Bg5 Nf6 20. Qc1 Ba8 21. Bxf6 Bxf6
22. Nxf6+ Qxf6 23. Qc5 Qf4 24. Rfd1 f5 25. Bb5+ Kf7 26. Rxd4 Qg5 27. Rd7+ Kg6
28. Bc6 Bxc6 29. Qxc6 Rhe8 30. Re1 Qf6 31. Rd6 Qxb2 32. Rdxe6+ Rxe6 33. Rxe6+
Kf7 34. Qd7+ Kg8 35. Rg6+ Kh8 36. Rh6+ Kg8 37. Qe6+ Kf8 38. Qxf5+ Kg8 39. Rg6+
Qg7 40. Rxg7+ Kxg7 41. Qe5+ Kg6 42. Qxb8 Kf5 43. a4 b2 44. a5 h4 45. a6 Kg6 46.
Qxb2 Kf7 47. Qb6 h3 48. a7 hxg2 49. a8=Q Ke7 50. Qad8+ Kf7 51. Qbf6# {
Hossa checkmated} 1-0

[Event "ICS rated blitz match"]
[Site "204.178.125.65"]
[Date "2000.04.20"]
[Round "?"]
[White "Hossa"]
[Black "Weezer"]
[Result "0-1"]
[WhiteElo "2338"]
[BlackElo "2669"]
[PlyCount "146"]
[EventDate "2000.??.??"]

1. e4 e5 2. Nf3 Nf6 3. Nxe5 d6 4. Nxf7 Kxf7 5. d4 c5 6. dxc5 Nc6 7. Bc4+ Be6 8.
Bxe6+ Kxe6 9. O-O d5 10. e5 Ne4 11. Qg4+ Kf7 12. Nc3 Nxc5 13. Re1 d4 14. e6+
Kg8 15. Bg5 Be7 16. Bxe7 Nxe7 17. Rad1 Qc8 18. Nb5 Qc6 19. Nxd4 Qe8 20. c4 Na4
21. Qe2 Qf8 22. Nb5 b6 23. Nd6 h6 24. Nf7 Rh7 25. Rd6 Nc5 26. b4 Na6 27. a3 g6
28. Rd7 Rc8 29. Rxa7 Nb8 30. Rb7 Nbc6 31. Rxb6 Nd8 32. Nd6 Ra8 33. Qe3 Qf6 34.
Nb5 Ndc6 35. Qc5 Nd8 36. Rd6 Nb7 37. Qd4 Qf5 38. Rb6 Rd8 39. Qh4 Qd3 40. Qf6
Nc8 41. Rc6 Rg7 42. Qc3 Qf5 43. Qe3 Qg4 44. Qxh6 Qe4 45. Qe3 Qxc6 46. Qe2 Re7
47. Qg4 Nb6 48. Qxg6+ Rg7 49. Na7 Rxg6 50. Nxc6 Rxe6 51. Ra1 Rxc6 52. c5 Nc4
53. a4 Rd2 54. Rb1 Na3 55. Re1 Nc2 56. Rb1 Nxb4 57. h3 Rd4 58. Rb3 Nxc5 59.
Rg3+ Kh7 60. a5 Ncd3 61. Rg5 Rc1+ 62. Kh2 Nxf2 63. Rf5 Rh1+ 64. Kg3 Ne4+ 65.
Kg4 Rg1 66. Re5 Rxg2+ 67. Kf4 Ng5+ 68. Kf5 Kh6 69. Kf6 Nd5+ 70. Rxd5 Rxd5 71.
h4 Rf2+ 72. Ke7 Re2+ 73. Kf6 Re6# {Hossa checkmated} 0-1

[Event "ICS rated blitz match"]
[Site "204.178.125.65"]
[Date "2000.04.20"]
[Round "?"]
[White "star"]
[Black "Hossa"]
[Result "1-0"]
[WhiteElo "2879"]
[BlackElo "2334"]
[PlyCount "95"]
[EventDate "2000.??.??"]

1. e4 e5 2. f4 exf4 3. Nf3 g5 4. Bc4 g4 5. Ne5 Qh4+ 6. Kf1 f3 7. d4 Nf6 8. Nc3
Bb4 9. Bxf7+ Kf8 10. Bd5 c6 11. Nf7 Bxc3 12. Nxh8 cxd5 13. bxc3 Nxe4 14. Qe1
Qxe1+ 15. Kxe1 f2+ 16. Ke2 Kg7 17. Be3 Kxh8 18. Bxf2 Nxc3+ 19. Ke3 Nc6 20. Be1
Nb5 21. a4 Nd6 22. Kf4 b5 23. Kxg4 Ne4 24. axb5 Nxd4 25. b6 Nxc2 26. Rxa7 Rxa7
27. bxa7 Bb7 28. Bh4 Ne3+ 29. Kh5 Nd2 30. Ra1 Ba8 31. Re1 Ndc4 32. Bg5 d4 33.
Bf6+ Kg8 34. Bxd4 Kf7 35. Bxe3 Bxg2 36. Bg5 Nd6 37. Re7+ Kg8 38. Bh6 Bf3+ 39.
Kg5 Bc6 40. Rg7+ Kh8 41. Rxd7 Ne4+ 42. Kh4 Nf6 43. Rf7 Nd7 44. Rxd7 Kg8 45.
Rg7+ Kh8 46. Rf7 Bd5 47. a8=Q+ Bxa8 48. Rf8# {Hossa checkmated} 1-0

[Event "ICS rated blitz match"]
[Site "204.178.125.65"]
[Date "2000.04.20"]
[Round "?"]
[White "vova24"]
[Black "Hossa"]
[Result "0-1"]
[WhiteElo "2092"]
[BlackElo "2333"]
[PlyCount "84"]
[EventDate "2000.??.??"]

1. e4 e5 2. Nf3 Nc6 3. c3 Nf6 4. d4 Nxe4 5. d5 Nb8 6. Nxe5 Bc5 7. Qf3 Nf6 8.
Bg5 Qe7 9. Qe2 O-O 10. Nd2 Re8 11. Bxf6 Qxf6 12. Ne4 Bxf2+ 13. Qxf2 Rxe5 14.
Bd3 Qxf2+ 15. Kxf2 Rxd5 16. Rad1 Rf5+ 17. Kg3 Nc6 18. Rhe1 Re5 19. Bc4 d6 20.
Kh4 Ne7 21. Kg3 Nf5+ 22. Kf2 Be6 23. Bxe6 fxe6 24. Ng5 Rxe1 25. Rxe1 e5 26. Re4
Re8 27. Ra4 a6 28. Rc4 c6 29. Rb4 b5 30. g3 a5 31. Re4 d5 32. Re1 c5 33. Rd1 d4
34. Ne4 Rc8 35. g4 Ne3 36. Rg1 Rf8+ 37. Ke2 c4 38. Nd6 Nc2 39. Nxb5 d3+ 40. Kd1
Rf2 41. Nd6 Ne3+ 42. Kc1 d2+ {vova24 resigns} 0-1

[Event "ICS rated blitz match"]
[Site "204.178.125.65"]
[Date "2000.04.20"]
[Round "?"]
[White "Hossa"]
[Black "MissSilicon"]
[Result "0-1"]
[WhiteElo "2339"]
[BlackElo "2624"]
[PlyCount "166"]
[EventDate "2000.??.??"]

1. e4 e5 2. Nf3 Nf6 3. Nxe5 d6 4. Nf3 Nxe4 5. d4 d5 6. Bd3 Be7 7. O-O Nc6 8. c4
Nf6 9. Nc3 dxc4 10. Bxc4 O-O 11. Bb5 Nb4 12. a3 Nbd5 13. Ne5 Nxc3 14. bxc3 c5
15. a4 Qa5 16. Bd2 Be6 17. Re1 cxd4 18. cxd4 Qd8 19. Bg5 Bb4 20. Re3 Rc8 21.
Rb1 Be7 22. Re1 Nd5 23. Bxe7 Qxe7 24. Qd2 Rfd8 25. Rb3 Rc7 26. Bd3 Rdc8 27. Be4
Nf6 28. Rbe3 Nxe4 29. Rxe4 Qd8 30. Qb2 Rc2 31. Qb1 Bd5 32. R4e3 f5 33. Qb5 a6
34. Qd7 f4 35. Rd3 Qxd7 36. Nxd7 Re2 37. Red1 Rcc2 38. Rf1 Bc4 39. Rdd1 Red2
40. Rxd2 Rxd2 41. Re1 Rxd4 42. Ne5 Ba2 43. Rc1 h5 44. a5 Kh7 45. g3 fxg3 46.
hxg3 Rd5 47. f4 Rxa5 48. Ra1 Ra4 49. Kf2 g6 50. Rc1 Kh6 51. Rc5 Be6 52. Rc7 b5
53. Rc6 Ra2+ 54. Ke3 Ra3+ 55. Kf2 Bf5 56. Rc7 b4 57. Nf7+ Kg7 58. Ne5+ Kg8 59.
Rc6 b3 60. Rb6 Ra2+ 61. Ke3 b2 62. Rb8+ Kg7 63. Rb7+ Kf6 64. Nd3 Ra3 65. Rxb2
Rxd3+ 66. Kf2 Be4 67. Re2 Rf3+ 68. Ke1 Kf5 69. Rg2 Ra3 70. Rg1 Ra1+ 71. Kf2
Rxg1 72. Kxg1 a5 73. Kf2 a4 74. Ke3 a3 75. Kd2 a2 76. Kd1 a1=Q+ 77. Ke2 Qd4 78.
g4+ hxg4 79. Ke1 g3 80. Ke2 Qf2+ 81. Kd1 Bf3+ 82. Kc1 g2 83. Kb1 g1=Q# {
Hossa checkmated} 0-1

[Event "ICS rated blitz match"]
[Site "204.178.125.65"]
[Date "2000.04.20"]
[Round "?"]
[White "MissSilicon"]
[Black "Hossa"]
[Result "1-0"]
[WhiteElo "2629"]
[BlackElo "2334"]
[PlyCount "159"]
[EventDate "2000.??.??"]

1. Nf3 d5 2. c4 e6 3. g3 Nf6 4. Bg2 dxc4 5. Qa4+ Nbd7 6. Qxc4 c5 7. d3 Bd6 8.
O-O O-O 9. Nc3 a6 10. Qh4 Rb8 11. Bg5 Qb6 12. b3 Qc7 13. Ne4 Nxe4 14. dxe4 f6
15. Bd2 e5 16. Rac1 Rd8 17. Rfd1 Nf8 18. Qh5 Be6 19. Nh4 Rd7 20. Nf5 Rbd8 21.
Bh3 Bf7 22. Qg4 Ng6 23. Qf3 Bf8 24. Nh6+ gxh6 25. Bxd7 Rxd7 26. Qxf6 Be7 27.
Qf3 Qd8 28. Qc3 Bg5 29. Rc2 b5 30. Kg2 b4 31. Qb2 Qa8 32. f3 Be3 33. Rdc1 Rxd2
34. Rxd2 h5 35. Rd6 Bxc1 36. Qxc1 c4 37. Qd2 Qb7 38. bxc4 Bxc4 39. Rd8+ Nf8 40.
Qg5+ Qg7 41. Rxf8+ Kxf8 42. Qd8+ Kf7 43. Qc7+ Kf6 44. Qxc4 Qb7 45. Qc1 Qf7 46.
Qh6+ Qg6 47. Qf8+ Qf7 48. Qxb4 Qxa2 49. Qf8+ Qf7 50. Qh8+ Qg7 51. Qc8 h4 52. g4
h5 53. Qf5+ Ke7 54. Qxh5 Qf6 55. Qh7+ Kf8 56. Kh3 Ke8 57. Qg8+ Ke7 58. g5 Qf7
59. Qb8 Qf4 60. Qb7+ Kd8 61. g6 Qf6 62. g7 Qe6+ 63. Kxh4 Qh6+ 64. Kg3 Qg5+ 65.
Kf2 Qh4+ 66. Kf1 Qh3+ 67. Kg1 Qe6 68. Qb8+ Kd7 69. g8=Q Qxg8+ 70. Qxg8 Ke7 71.
Qg7+ Ke6 72. Qh6+ Kf7 73. Qxa6 Ke8 74. Qe6+ Kd8 75. h4 Kc7 76. h5 Kd8 77. Qf7
Kc8 78. h6 Kd8 79. h7 Kc8 80. h8=Q# {Hossa checkmated} 1-0

[Event "ICS rated blitz match"]
[Site "204.178.125.65"]
[Date "2000.04.20"]
[Round "?"]
[White "PostModernist"]
[Black "Hossa"]
[Result "1/2-1/2"]
[WhiteElo "2642"]
[BlackElo "2336"]
[PlyCount "212"]
[EventDate "2000.??.??"]

1. d4 Nf6 2. c4 d6 3. Nc3 e5 4. Nf3 Nbd7 5. Bg5 exd4 6. Nxd4 h6 7. Bh4 g5 8.
Bg3 Nc5 9. Qd2 h5 10. Qxg5 Bh6 11. Qh4 Rg8 12. Ndb5 Bg5 13. Qd4 Ne6 14. Qd3 h4
15. f4 Nxf4 16. Bxf4 Bxf4 17. e3 Bg5 18. O-O-O Bg4 19. Be2 a6 20. Nd4 Qe7 21.
Nc2 Bd7 22. Bf3 O-O-O 23. Nd5 Nxd5 24. Bxd5 Rde8 25. Rhf1 Rg7 26. Kb1 f6 27.
Qc3 h3 28. gxh3 Bxh3 29. Rf2 Bg4 30. Rg1 Bxe3 31. Nxe3 Qxe3 32. Qxe3 Rxe3 33.
Kc1 f5 34. Rxf5 Bxf5 35. Rxg7 c6 36. Bg8 Re2 37. Rf7 Bd3 38. Rf3 Be4 39. Rf8+
Kd7 40. Rf7+ Kd8 41. Rf8+ Kc7 42. Re8 Kd7 43. Kd1 Kxe8 44. Kxe2 Bf5 45. Ke3 Kf8
46. Kf4 Bb1 47. Be6 Bxa2 48. Bc8 Bxc4 49. Bxb7 c5 50. h4 a5 51. Kg5 d5 52. Kf4
d4 53. Bc6 Bb3 54. Be4 c4 55. h5 Kg7 56. Bg6 Kh6 57. Ke4 d3 58. Ke3 Kg5 59. Be8
Kf5 60. h6 Kf6 61. Kd2 a4 62. Bh5 a3 63. bxa3 Ba4 64. Kc3 Bc2 65. Be8 Bb3 66.
h7 Kg7 67. Bg6 Ba4 68. Be4 Kh8 69. Kd2 Bd7 70. Bg6 Bb5 71. Bf5 Bc6 72. Kd1 Bd5
73. Ke1 Kg7 74. a4 Bc6 75. a5 Bb5 76. Kd2 Ba6 77. Bg6 Kh8 78. Be4 Kg7 79. Bf5
Bb7 80. Kc3 Ba6 81. Bg6 Kh8 82. Be4 Kg7 83. Kd2 Kh8 84. Bg6 Kg7 85. Ke3 Bb5 86.
Be4 Kh8 87. Bf5 Kg7 88. Bg6 Kh8 89. Kd4 Ba4 90. Kc3 Bb5 91. Be4 Ba6 92. Kd4 Bc8
93. Ke3 Ba6 94. Bf5 Bb7 95. Kf2 d2 96. Ke2 c3 97. Bc2 Ba6+ 98. Ke3 Kg7 99. Bd1
Kh8 100. Kd4 Be2 101. Kxc3 Bxd1 102. Kxd2 Ba4 103. Kc3 Bc6 104. a6 Be4 105. a7
Kxh7 106. a8=Q Bxa8 1/2-1/2

[Event "ICS rated blitz match"]
[Site "204.178.125.65"]
[Date "2000.04.20"]
[Round "?"]
[White "Hossa"]
[Black "PostModernist"]
[Result "0-1"]
[WhiteElo "2347"]
[BlackElo "2631"]
[PlyCount "98"]
[EventDate "2000.??.??"]

1. c4 Nf6 2. Nc3 c5 3. Nf3 e6 4. g3 b6 5. Bg2 Bb7 6. e3 Bd6 7. d4 O-O 8. O-O
Nc6 9. Bd2 cxd4 10. exd4 Rc8 11. Bg5 Na5 12. b3 Be7 13. Nb5 d5 14. Ne5 a6 15.
Nc3 Qc7 16. Qe2 dxc4 17. Bxb7 Qxb7 18. bxc4 Rfd8 19. Rfd1 h6 20. Bf4 Nd7 21.
Qg4 g5 22. Qh5 Nxe5 23. Bxe5 Nxc4 24. Rac1 Nxe5 25. dxe5 Rxd1+ 26. Qxd1 Rc5 27.
Qe1 b5 28. Rd1 Qf3 29. Nb1 Rxe5 30. Qf1 Bc5 31. Rd8+ Kg7 32. Rd2 g4 33. Qc1 Re2
34. Rxe2 Qxe2 35. Qxc5 Qe1+ 36. Kg2 Qe4+ 37. Kf1 Qxb1+ 38. Kg2 Qe4+ 39. Kg1
Qb1+ 40. Kg2 Qxa2 41. Qd4+ Kh7 42. Qxg4 Qc4 43. Qxc4 bxc4 44. Kf3 a5 45. Ke2 a4
46. Kd2 Kg6 47. Kc2 a3 48. Kc3 Kf5 49. f3 e5 {Hossa resigns} 0-1

[Event "ICS rated blitz match"]
[Site "204.178.125.65"]
[Date "2000.04.20"]
[Round "?"]
[White "PostModernist"]
[Black "Hossa"]
[Result "0-1"]
[WhiteElo "2636"]
[BlackElo "2344"]
[PlyCount "198"]
[EventDate "2000.??.??"]

1. d4 d5 2. Nf3 Nf6 3. e3 e6 4. Bd3 c5 5. b3 Nc6 6. O-O Bd7 7. Ba3 b6 8. Nc3 a6
9. dxc5 Bxc5 10. Bxc5 bxc5 11. Na4 e5 12. Be2 e4 13. Nd2 Qa5 14. g4 h6 15. Nb1
Ne5 16. Nbc3 Rd8 17. h3 O-O 18. Qe1 Qc7 19. Rd1 Bxg4 20. hxg4 Nexg4 21. Bxg4
Nxg4 22. f4 exf3 23. Rd2 d4 24. exd4 cxd4 25. Nb1 d3 26. cxd3 Rxd3 27. Qh4 f2+
28. Rdxf2 Nxf2 29. Qxf2 Rg3+ 30. Kh1 Qc6+ 31. Kh2 Rg5 32. Qf3 Qg6 33. Nbc3 Rh5+
34. Qxh5 Qxh5+ 35. Kg1 Rc8 36. Kg2 Qg4+ 37. Kf2 Rxc3 38. Nxc3 Qd4+ 39. Kg2 Qxc3
40. Rf3 Qe5 41. Rf2 g6 42. Kf1 f6 43. Re2 Qd6 44. Kg2 Kf7 45. Kf2 Qh2+ 46. Ke1
Qg1+ 47. Kd2 a5 48. Kc2 Qc5+ 49. Kd2 Qd4+ 50. Kc2 Qa1 51. Kd3 Kg7 52. Re7+ Kf8
53. Re2 Qg1 54. Kc3 Qb1 55. Kc4 Qd1 56. Rf2 Kf7 57. Kc3 Qe1+ 58. Rd2 Ke6 59.
Kc2 Kf5 60. a3 Qe4+ 61. Kb2 Kg4 62. Ka2 Kg3 63. Rb2 Qd5 64. Kb1 Qf5+ 65. Ka2
Qe6 66. Ka1 Qe3 67. Ka2 Kf3 68. b4 a4 69. b5 Qc3 70. b6 Qc4+ 71. Ka1 Qc1+ 72.
Ka2 Qf4 73. b7 Qb8 74. Kb1 g5 75. Rb6 f5 76. Rb5 f4 77. Kc1 Kg3 78. Kd2 f3 79.
Kd3 Kg2 80. Rb2+ f2 81. Kc4 Kg1 82. Rxf2 Kxf2 83. Kb4 Qxb7+ 84. Kxa4 h5 85. Ka5
Qb5+ 86. Kxb5 g4 87. a4 h4 88. a5 h3 89. Kb6 h2 90. a6 g3 91. Ka5 Ke3 92. Kb4
Kd4 93. Kb3 h1=Q 94. Kb2 Qa8 95. Kb3 Qxa6 96. Kb2 Kc4 97. Kc2 Qa2+ 98. Kd1 Kd3
99. Ke1 Qa1# 0-1

[Event "ICS rated blitz match"]
[Site "204.178.125.65"]
[Date "2000.04.20"]
[Round "?"]
[White "Hossa"]
[Black "PostModernist"]
[Result "0-1"]
[WhiteElo "2371"]
[BlackElo "2609"]
[PlyCount "76"]
[EventDate "2000.??.??"]

1. e4 c5 2. c3 e6 3. d4 d5 4. exd5 exd5 5. Nf3 Nc6 6. Bb5 Bd6 7. O-O Nge7 8.
dxc5 Bxc5 9. Nbd2 O-O 10. Nb3 Bb6 11. Bg5 f6 12. Bf4 a6 13. Bd3 g5 14. Bc1 Bg4
15. Bxh7+ Kxh7 16. Nxg5+ fxg5 17. Qxg4 Qd6 18. Bxg5 Ng6 19. Rad1 Kg8 20. Bh6
Rf6 21. Rde1 Nce5 22. Qh5 Nd3 23. Re2 Ndf4 24. Qg4 Nxe2+ 25. Qxe2 Qe5 26. Qd1
Qe4 27. g3 Nh4 28. gxh4 Rxh6 29. h5 Kh7 30. Re1 Bxf2+ 31. Kf1 Bxe1 32. Nd2 Rf8+
33. Nf3 Rxf3+ 34. Qxf3 Qxf3+ 35. Kxe1 Re6+ 36. Kd2 Qf2+ 37. Kd3 Qe2+ 38. Kd4
Qc4# {Hossa checkmated} 0-1